[Event "Reykjavik Open 2015"]
[Site "Reykjavik ISL"]
[Date "2015.03.17"]
[Round "9.8"]
[White "Gupta, Abhijeet"]
[Black "Abdumalik, Zhansaya"]
[Result "1-0"]
[WhiteTitle "GM"]
[BlackTitle "WGM"]
[WhiteElo "2625"]
[BlackElo "2379"]
[WhiteFideId "5010608"]
[BlackFideId "13703544"]
[EventDate "2015.03.10"]

1. Nf3 Nf6 2. c4 c5 3. Nc3 Nc6 4. g3 d5 5. cxd5 Nxd5 6. Bg2 g6 7. h4 Bg7 8. h5
Bf5 9. Nxd5 Qxd5 10. d3 Qd7 11. Qa4 Nb4 12. Qxd7+ Bxd7 13. Kf1 Be6 14. Ng5 Bd5
15. Bd2 Bxg2+ 16. Kxg2 O-O 17. Bc3 Nd5 18. hxg6 hxg6 19. Bxg7 Kxg7 20. Rh7+ Kg8
21. Rah1 Nf6 22. R7h4 Kg7 23. f4 Rae8 24. e4 e5 25. Nf3 Nd7 26. Rh7+ Kf6 27. f5
gxf5 28. R1h6+ Ke7 29. Nh4 Kd8 30. Nxf5 Kc7 31. Rg7 Rd8 32. Rhh7 f6 33. Ne3 b5
34. g4 Kd6 35. Kg3 Rg8 36. Rxg8 Rxg8 37. Nd5 Rf8 38. g5 c4 39. dxc4 bxc4 40. g6
Nc5 41. Ne7 Nxe4+ 42. Kg4 f5+ 43. Nxf5+ Ke6 44. Re7+ Kf6 45. g7 Rg8 46. Rxa7
Nf2+ 47. Kf3 Nd3 48. Ke4 Nxb2 49. Rc7 Nd3 50. Nd6 Nb2 51. Kd5 Nd1 52. Kxc4 Kg6
53. Kc5 Nc3 54. a3 Rxg7 55. Rxg7+ Kxg7 56. Kb4 Nd5+ 57. Kc4 Nb6+ 58. Kb5 Nd5 59.
Ne4 Kg6 60. Kc6 Ne3 61. a4 Kf5 62. a5 Nc2 63. Kc5 Kxe4 64. a6 Kd3 65. a7 e4 66.
a8=Q e3 67. Qf3 Kd2 68. Qd5+ 1-0

[Event "Reykjavik Open 2015"]
[Site "Reykjavik ISL"]
[Date "2015.03.17"]
[Round "9.9"]
[White "Norowitz, Yaacov"]
[Black "Grandelius, Nils"]
[Result "1/2-1/2"]
[WhiteTitle "IM"]
[BlackTitle "GM"]
[WhiteElo "2422"]
[BlackElo "2603"]
[WhiteFideId "2024799"]
[BlackFideId "1710400"]
[EventDate "2015.03.10"]

1. d4 Nf6 2. Nf3 g6 3. c4 Bg7 4. Nc3 d5 5. cxd5 Nxd5 6. g3 Nxc3 7. bxc3 Bf5 8.
Nd2 c5 9. e3 Qd5 10. Qf3 Qxf3 11. Nxf3 Be4 12. Bg2 O-O 13. O-O Rc8 14. Ng5 Bxg2
15. Kxg2 Nd7 16. Ne4 f5 17. Ng5 e5 18. Rb1 b6 19. Rd1 cxd4 20. cxd4 e4 21. a4
Bf6 22. Ne6 Kf7 23. Nf4 a6 24. Bd2 Rc4 25. Rdc1 Rac8 26. Nd5 Bd8 27. Kf1 Rxc1+
28. Rxc1 Rxc1+ 29. Bxc1 Nf6 30. Nb4 a5 31. Nc6 Bc7 32. Ke2 Ke6 33. f4 exf3+ 34.
Kxf3 Ne4 35. Bb2 Bd6 36. Na7 g5 37. Ke2 g4 38. Nb5 Ng5 39. Kd3 Bb4 40. Nc7+ Kd6
41. Ne8+ Ke7 42. Ng7 Kf6 43. d5+ Kg6 44. Ne6 Nf3 45. e4 fxe4+ 46. Kxe4 Nxh2 1/2-1/2

[Event "Reykjavik Open 2015"]
[Site "Reykjavik ISL"]
[Date "2015.03.17"]
[Round "9.10"]
[White "Pakleza, Zbigniew"]
[Black "Jussupow, Artur"]
[Result "1/2-1/2"]
[WhiteTitle "GM"]
[BlackTitle "GM"]
[WhiteElo "2498"]
[BlackElo "2573"]
[WhiteFideId "1119290"]
[BlackFideId "4618777"]
[EventDate "2015.03.10"]

1. Nf3 Nf6 2. c4 e6 3. g3 d5 4. Bg2 dxc4 5. Qa4+ Nbd7 6. Qxc4 c5 7. O-O b6 8.
Ng5 Rb8 9. Nc3 Bb7 10. d4 Bxg2 11. Kxg2 Qc8 12. f3 cxd4 13. Qxd4 Bc5 14. Qh4 Qa6
15. Rd1 h6 16. Nge4 Rc8 17. a4 Nxe4 18. Qxe4 Nf6 19. Qe5 Be7 20. Qb5+ Qxb5 21.
axb5 Rc7 22. Bf4 Rb7 23. e4 Nd7 24. Ra4 O-O 25. Rc4 g5 26. Bc7 Nc5 27. Bd6 Rd8
28. Bxe7 Rxd1 29. Bxc5 Rd2+ 30. Bf2 Rxb2 31. e5 Rb8 32. g4 Rc2 33. Kg3 Rd8 34.
Rc6 Kg7 35. Be1 Rc1 36. Kf2 Rc2+ 37. Kg3 Rc1 38. Bf2 Rc2 39. h3 Kf8 40. Be1 Rc1
41. Kf2 Rc2+ 42. Ke3 Rc1 43. Bd2 Rc2 44. Rd6 Rc8 45. Kd3 Rb2 46. f4 gxf4 47.
Bxf4 Kg7 48. Rc6 Rd8+ 49. Rd6 Rc8 50. Bd2 Kg6 51. h4 Kg7 52. h5 Rc5 53. Be3 Rc8
54. g5 hxg5 55. Bxg5 Rh2 56. Rc6 Ra8 57. h6+ Kg6 58. Be3 a6 59. bxa6 Rxa6 60.
Rc8 Kh7 61. Rc7 Kg6 62. Rc8 Kh7 63. Ne4 Ra3+ 64. Rc3 Rxc3+ 65. Kxc3 b5 66. Nf6+
Kg6 67. h7 Kg7 68. Bc5 Rh4 69. Kb3 Rc4 70. Be3 Kh8 71. Bg5 Kg7 72. Bh6+ Kh8 73.
Bf8 Rc8 1/2-1/2

[Event "Reykjavik Open 2015"]
[Site "Reykjavik ISL"]
[Date "2015.03.17"]
[Round "9.11"]
[White "Steingrimsson, Hedinn"]
[Black "Vuilleumier, Alexandre"]
[Result "1/2-1/2"]
[WhiteTitle "GM"]
[BlackTitle "IM"]
[WhiteElo "2530"]
[BlackElo "2349"]
[WhiteFideId "2300117"]
[BlackFideId "1305662"]
[EventDate "2015.03.10"]

1. Nf3 Nf6 2. c4 e6 3. g3 a6 4. Bg2 b5 5. b3 Bb7 6. Nc3 b4 7. Na4 d6 8. d4 Nbd7
9. O-O c5 10. a3 a5 11. Bb2 Qc7 12. Nh4 cxd4 13. Qxd4 Be7 14. axb4 axb4 15. Qd2
Bxg2 16. Nxg2 Qb7 17. f3 O-O 18. Nf4 Ne5 19. Qe3 Nc6 20. Rfd1 Ra5 21. Rd2 Qa7
22. Qxa7 Rxa7 23. Nd3 Rfa8 24. Rb1 Na5 25. Bd4 Nxb3 26. Rxb3 Rxa4 27. Rxb4 Rxb4
28. Nxb4 Rc8 29. Bxf6 Bxf6 30. Rxd6 Rxc4 31. Rc6 Rxc6 32. Nxc6 h5 33. Kf2 g6 34.
Ke3 Kg7 35. Nd4 Bd8 36. Kd3 1/2-1/2

[Event "Reykjavik Open 2015"]
[Site "Reykjavik ISL"]
[Date "2015.03.17"]
[Round "9.12"]
[White "Cornette, Matthieu"]
[Black "Christiansen, Johan-Sebastian"]
[Result "1-0"]
[WhiteTitle "GM"]
[BlackTitle "FM"]
[WhiteElo "2585"]
[BlackElo "2351"]
[WhiteFideId "620084"]
[BlackFideId "1512668"]
[EventDate "2015.03.10"]

1. Nf3 d5 2. d4 Nf6 3. c4 dxc4 4. e3 e6 5. Bxc4 a6 6. O-O b5 7. Bd3 Bb7 8. a4 b4
9. Nbd2 c5 10. e4 Nc6 11. e5 Nd7 12. Be4 cxd4 13. Nc4 Nc5 14. Bg5 Qc7 15. Bxc6+
Qxc6 16. Na5 Qd5 17. Qxd4 Qxd4 18. Nxd4 Bd5 19. Rfd1 Rc8 20. Rac1 Kd7 21. b3 Ne4
22. Rxc8 Kxc8 23. Be3 Bc5 24. Nc2 Bxe3 25. fxe3 Nc3 26. Rf1 Kc7 27. Nxb4 Kb6 28.
Nxd5+ exd5 29. b4 Rf8 30. Nb3 Nxa4 31. e6 f6 32. Rc1 Re8 33. Nd4 Kb7 34. Kf2 Nb6
35. Rc5 g6 36. g4 Rc8 37. Nb3 Nc4 38. Rxd5 Ne5 39. Kg3 Rc3 40. Nc5+ Kc6 41. Rxe5
fxe5 42. e7 Rxe3+ 43. Kf2 1-0

[Event "Reykjavik Open 2015"]
[Site "Reykjavik ISL"]
[Date "2015.03.17"]
[Round "9.14"]
[White "Maze, Sebastien"]
[Black "Sequera Paolini, Jose Rafael"]
[Result "1-0"]
[WhiteTitle "GM"]
[BlackTitle "IM"]
[WhiteElo "2564"]
[BlackElo "2408"]
[WhiteFideId "613762"]
[BlackFideId "3900304"]
[EventDate "2015.03.10"]

1. e4 c5 2. Nf3 Nc6 3. Bb5 d6 4. O-O Bd7 5. Re1 Nf6 6. c3 a6 7. Bf1 Bg4 8. h3
Bxf3 9. Qxf3 g6 10. d3 Bg7 11. Be3 e5 12. Nd2 O-O 13. a4 b5 14. Bg5 Qe7 15. Be2
h6 16. Bh4 Qe6 17. Bd1 Nd7 18. Bb3 c4 19. axb5 axb5 20. dxc4 Nc5 21. cxb5 Nxb3
22. Nxb3 Qxb3 23. bxc6 g5 24. Bg3 Qxb2 25. Rxa8 Rxa8 26. Qd3 Qb6 27. Qxd6 Rc8
28. Bxe5 Rxc6 29. Qd7 Bxe5 30. Qe8+ Kh7 31. Qxe5 Rc5 32. Qd4 Qc7 33. Re3 Rc4 34.
Qf6 Rc6 35. Qf3 Rc4 36. g3 Kg7 37. e5 Rc6 38. Kh2 Kg8 39. h4 gxh4 40. gxh4 Rc4
41. Qf6 Rxc3 42. Qxh6 Rxe3 43. Qxe3 Qc4 44. Qg5+ Kh7 45. Qf6 1-0

[Event "Reykjavik Open 2015"]
[Site "Reykjavik ISL"]
[Date "2015.03.17"]
[Round "9.15"]
[White "Tania, Sachdev"]
[Black "Stefansson, Hannes"]
[Result "0-1"]
[WhiteTitle "IM"]
[BlackTitle "GM"]
[WhiteElo "2404"]
[BlackElo "2560"]
[WhiteFideId "5007844"]
[BlackFideId "2300087"]
[EventDate "2015.03.10"]

1. d4 d5 2. c4 c6 3. Nf3 Nf6 4. Nc3 e6 5. g3 dxc4 6. Bg2 Nbd7 7. O-O Be7 8. e4
O-O 9. Bf4 Re8 10. a4 b6 11. Re1 a5 12. Qc2 Ba6 13. Rad1 Bf8 14. h3 Rc8 15. g4
g6 16. d5 cxd5 17. e5 Qc7 18. Bg3 Ne4 19. Nxe4 dxe4 20. Ng5 Nc5 21. Nxe4 Nxe4
22. Rxe4 Red8 23. Red4 Rxd4 24. Rxd4 Rd8 25. Qd2 Rxd4 26. Qxd4 b5 27. axb5 Bxb5
28. Bf4 Bc5 29. Qe4 Qd8 30. Qb7 Be8 31. Bf3 Qh4 32. Be3 Bxe3 33. fxe3 Qg3+ 34.
Kf1 Kg7 0-1

[Event "Reykjavik Open 2015"]
[Site "Reykjavik ISL"]
[Date "2015.03.17"]
[Round "9.16"]
[White "Gretarsson, Hjorvar Steinn"]
[Black "Soors, Stef"]
[Result "1-0"]
[WhiteTitle "GM"]
[BlackTitle "IM"]
[WhiteElo "2554"]
[BlackElo "2408"]
[WhiteFideId "2302241"]
[BlackFideId "209511"]
[EventDate "2015.03.10"]

1. d4 Nf6 2. c4 e6 3. Nf3 Bb4+ 4. Bd2 a5 5. a3 Bxd2+ 6. Qxd2 O-O 7. Nc3 d6 8. e4
Nc6 9. Be2 e5 10. d5 Nb8 11. O-O a4 12. Ne1 Na6 13. Nd3 Nc5 14. Nxc5 dxc5 15.
Rae1 Ne8 16. f4 f6 17. fxe5 fxe5 18. Rxf8+ Kxf8 19. Bd1 Kg8 20. Nxa4 b6 21. Nc3
Nd6 22. Be2 Qh4 23. Bd3 Bd7 24. Qf2 Qxf2+ 25. Kxf2 Ba4 26. Rc1 Kf7 27. Ke3 Ke7
28. Nb1 Bd7 29. Nd2 Bg4 30. Be2 Bd7 31. Nf3 Nf7 32. Ne1 g6 33. Nd3 Kd6 34. h4
Nh6 35. Rf1 Rg8 36. h5 Rg7 37. hxg6 hxg6 38. b4 Rf7 39. Rh1 Ng8 40. Rh8 Nf6 41.
bxc5+ bxc5 42. Ra8 Nh5 43. Bxh5 gxh5 44. Rh8 Rg7 45. Rh6+ 1-0

[Event "Reykjavik Open 2015"]
[Site "Reykjavik ISL"]
[Date "2015.03.17"]
[Round "9.17"]
[White "Thorfinnsson, Bjorn"]
[Black "Gao, Rui"]
[Result "0-1"]
[WhiteTitle "IM"]
[BlackTitle "GM"]
[WhiteElo "2403"]
[BlackElo "2533"]
[WhiteFideId "2300982"]
[BlackFideId "8602387"]
[EventDate "2015.03.10"]

1. g3 Nf6 2. Bg2 e5 3. c4 Nc6 4. Nc3 g6 5. e4 Bg7 6. Nge2 O-O 7. O-O d6 8. d3
Nd7 9. Be3 Nd4 10. Qd2 c6 11. Bg5 Qb6 12. Rab1 Re8 13. b4 a5 14. Na4 Qc7 15. b5
Nc5 16. Nxd4 Nxa4 17. Ne2 Nc5 18. Be3 Bd7 19. bxc6 bxc6 20. Rb2 a4 21. Rfb1 Qa5
22. Qxa5 Rxa5 23. Bxc5 Rxc5 24. Rb7 Be6 25. Rc7 Bh6 26. Ra7 d5 27. exd5 cxd5 28.
Nc3 dxc4 29. Ne4 Rcc8 30. Nf6+ Kf8 31. Nxe8 c3 32. Nc7 Bxa2 33. Ra1 Bb3 34. f4
exf4 35. Nd5 c2 36. Nxf4 Bg7 0-1

[Event "Reykjavik Open 2015"]
[Site "Reykjavik ISL"]
[Date "2015.03.17"]
[Round "9.18"]
[White "Foisor, Cristina-Adela"]
[Black "Rasmussen, Allan Stig"]
[Result "1-0"]
[WhiteTitle "IM"]
[BlackTitle "GM"]
[WhiteElo "2394"]
[BlackElo "2532"]
[WhiteFideId "1200496"]
[BlackFideId "1406000"]
[EventDate "2015.03.10"]

1. d4 d5 2. c4 dxc4 3. Nf3 Nf6 4. e3 e6 5. Bxc4 c5 6. O-O Qc7 7. Nc3 a6 8. Bd3
Nc6 9. Ne4 cxd4 10. Nxf6+ gxf6 11. exd4 Nb4 12. Be3 Bd7 13. Rc1 Bc6 14. Bb1 h5
15. Re1 Rd8 16. Nh4 Be7 17. g3 Qa5 18. a3 Nd5 19. Ba2 Rd7 20. Ng2 Kf8 21. h4 Kg7
22. Bc4 Nb6 23. Be2 Qd5 24. Rxc6 Qxc6 25. Bxh5 Qb5 26. Nf4 Kf8 27. b4 Nc4 28.
Be2 Qc6 29. Bxc4 Qxc4 30. Qa4 Qc8 31. Nd3 Kg7 32. Qd1 Bd6 33. h5 Qc6 34. Qg4+
Kh7 35. Nf4 Rg8 36. Qh4 Be7 37. d5 Qc3 38. Rc1 Qe5 39. dxe6 fxe6 40. Ng6 Qf5 41.
Qf4 Qxf4 42. Bxf4 Bf8 43. Nxf8+ Rxf8 44. Kg2 e5 45. Be3 f5 46. Bg5 f4 47. gxf4
exf4 48. Kf3 Rff7 49. Rc4 Rd3+ 50. Kg4 Rxa3 51. Bxf4 Rg7+ 52. Bg5 Ra4 53. Kf5 a5
54. Bf6 Rg2 55. Rc7+ Kh6 56. f4 Rxb4 57. Bg5+ 1-0

[Event "Reykjavik Open 2015"]
[Site "Reykjavik ISL"]
[Date "2015.03.17"]
[Round "9.19"]
[White "Danielsen, Henrik"]
[Black "L'Ami, Alina"]
[Result "1-0"]
[WhiteTitle "GM"]
[BlackTitle "IM"]
[WhiteElo "2514"]
[BlackElo "2393"]
[WhiteFideId "1400185"]
[BlackFideId "1210246"]
[EventDate "2015.03.10"]

1. e4 c5 2. Nf3 d6 3. g3 Nf6 4. d3 Nc6 5. Bg2 g6 6. O-O Bg7 7. Nc3 O-O 8. h3 Rb8
9. a4 b6 10. Be3 Bb7 11. Qd2 Re8 12. Bh6 Bh8 13. Ng5 Nd4 14. f4 e6 15. g4 Nd7
16. f5 Ne5 17. Nb5 Ndc6 18. Qf2 a6 19. fxg6 fxg6 20. Nf7 Qd7 21. Nbxd6 Ba8 22.
Nxe5 Bxe5 23. Nxe8 Qxe8 24. c3 Qe7 25. h4 Bd6 26. Bg5 Qc7 27. Qf6 Qd7 28. Bh6
Ne5 29. Bh3 Nxd3 30. g5 Bh2+ 31. Kxh2 Qd6+ 32. e5 1-0

[Event "Reykjavik Open 2015"]
[Site "Reykjavik ISL"]
[Date "2015.03.17"]
[Round "9.20"]
[White "Idani, Pouya"]
[Black "Arngrimsson, Dagur"]
[Result "1-0"]
[WhiteTitle "GM"]
[BlackTitle "IM"]
[WhiteElo "2496"]
[BlackElo "2366"]
[WhiteFideId "12510130"]
[BlackFideId "2301288"]
[EventDate "2015.03.10"]

1. e4 c6 2. d4 d5 3. Nd2 dxe4 4. Nxe4 Nf6 5. Nxf6+ exf6 6. c3 Be7 7. Bd3 O-O 8.
Qc2 g6 9. Ne2 Re8 10. Bh6 f5 11. O-O Bg5 12. Bxg5 Qxg5 13. Rfe1 Be6 14. g3 Nd7
15. Nf4 Nf8 16. Bf1 Qf6 17. Bg2 g5 18. Nxe6 fxe6 19. Re2 Re7 20. Rae1 Rae8 21.
Qd2 Ng6 22. Rd1 Kg7 23. f4 h6 24. Rf1 Kh8 25. Bf3 Rg8 26. Bh5 Nf8 27. fxg5 Rxg5
28. Bf3 h5 29. Kh1 Rh7 30. Qf4 Rg8 31. Ree1 Qg5 32. Bd1 Qg7 33. Rg1 Qf6 34. b4
Rh6 35. Rgf1 Qg7 36. Rg1 Qf6 37. h4 Kh7 38. Re3 Ng6 39. Qd6 Nf8 40. Rge1 a6 41.
Kh2 Rhg6 42. Qf4 Rh6 43. a4 Qf7 44. Kh1 Rg7 45. Qf2 Rf6 46. Rf1 Nd7 47. a5 Rh6
48. Bb3 Rg4 49. Qe2 Rgg6 50. Re1 Nf8 51. Qf2 Rg7 52. Rf3 Rhg6 53. Re5 Qf6 54.
Kh2 Rg4 55. Bc2 Ng6 56. Bxf5 exf5 57. Rfxf5 Rxh4+ 58. gxh4 Nxe5 59. dxe5 Qg6 60.
Rg5 Qe4 61. Rxg7+ Kxg7 62. Qg2+ Qxg2+ 63. Kxg2 Kg6 64. Kf3 Kf5 65. e6 Kxe6 66.
Kf4 c5 67. Kg5 cxb4 68. cxb4 Ke5 69. Kxh5 1-0

[Event "Reykjavik Open 2015"]
[Site "Reykjavik ISL"]
[Date "2015.03.17"]
[Round "9.21"]
[White "Sarkar, Justin"]
[Black "Hamitevici, Vladimir"]
[Result "1-0"]
[WhiteTitle "IM"]
[BlackTitle "IM"]
[WhiteElo "2376"]
[BlackElo "2450"]
[WhiteFideId "2010011"]
[BlackFideId "13902393"]
[EventDate "2015.03.10"]

1. d4 Nf6 2. c4 e6 3. Nc3 Bb4 4. Qc2 c5 5. dxc5 O-O 6. a3 Bxc5 7. Nf3 b6 8. Bf4
Bb7 9. Rd1 Nh5 10. Bc1 Nf6 11. Bf4 Nh5 12. Bc1 f5 13. e4 Bxf2+ 14. Kxf2 fxe4 15.
Nxe4 Qh4+ 16. Ke3 Qf4+ 17. Kd4 Qf5 18. Bd3 Nc6+ 19. Kc3 d5 20. Neg5 Qf6+ 21. Kb3
g6 22. Ka2 Rac8 23. Rhf1 Na5 24. Nxh7 1-0

[Event "Reykjavik Open 2015"]
[Site "Reykjavik ISL"]
[Date "2015.03.17"]
[Round "9.22"]
[White "Antal, Tibor Kende"]
[Black "Gunnarsson, Jon Viktor"]
[Result "1-0"]
[WhiteTitle "FM"]
[BlackTitle "IM"]
[WhiteElo "2317"]
[BlackElo "2443"]
[WhiteFideId "738581"]
[BlackFideId "2300931"]
[EventDate "2015.03.10"]

1. e4 c5 2. Nf3 Nc6 3. Bb5 g6 4. O-O Bg7 5. Nc3 d6 6. e5 dxe5 7. Bxc6+ bxc6 8.
Re1 f6 9. d3 Nh6 10. Be3 Nf7 11. Bxc5 f5 12. Qd2 Bf6 13. Rad1 Qc7 14. Na4 O-O
15. b3 Rd8 16. Qe2 Ba6 17. c4 Qa5 18. Ba3 Bb5 19. cxb5 cxb5 20. Bxe7 Bxe7 21.
Nxe5 Nxe5 22. Qxe5 Bd6 23. Qe6+ Kg7 24. Nc5 Qc7 25. d4 Bxh2+ 26. Kh1 Bd6 27. Qe3
Bxc5 28. dxc5 b4 29. Qe7+ Qxe7 30. Rxe7+ Kh6 31. Rxd8 Rxd8 32. Rxa7 Rd2 33. Ra4
Rd5 34. Rxb4 Rxc5 35. a4 Kg5 36. g3 Rc2 37. a5 1-0

[Event "Reykjavik Open 2015"]
[Site "Reykjavik ISL"]
[Date "2015.03.17"]
[Round "9.23"]
[White "Petrov, Nikita"]
[Black "Ptacnikova, Lenka"]
[Result "1-0"]
[WhiteTitle "IM"]
[BlackTitle "WGM"]
[WhiteElo "2435"]
[BlackElo "2242"]
[WhiteFideId "4101286"]
[BlackFideId "305650"]
[EventDate "2015.03.10"]

1. d4 Nf6 2. c4 e6 3. Nc3 Bb4 4. Qc2 d5 5. cxd5 exd5 6. Bg5 O-O 7. e3 Be7 8. Bd3
Nbd7 9. Nge2 c6 10. O-O Re8 11. Rad1 Nf8 12. f3 b5 13. Kh1 a6 14. e4 dxe4 15.
fxe4 Ng4 16. Bc1 Bg5 17. h3 Ne3 18. Bxe3 Bxe3 19. e5 Qh4 20. Rf3 Qh6 21. Ne4 Be6
22. Nd6 Bd5 23. Nf5 Qg5 24. Rg3 1-0

[Event "Reykjavik Open 2015"]
[Site "Reykjavik ISL"]
[Date "2015.03.17"]
[Round "9.24"]
[White "Wang, Yiye"]
[Black "Morshedi, Ali"]
[Result "1-0"]
[WhiteTitle "IM"]
[BlackTitle "FM"]
[WhiteElo "2433"]
[BlackElo "2221"]
[WhiteFideId "8606021"]
[BlackFideId "2021730"]
[EventDate "2015.03.10"]

1. e4 e5 2. Nf3 Nc6 3. Bc4 Nf6 4. d4 exd4 5. e5 d5 6. Bb5 Ne4 7. Nxd4 Bd7 8.
Bxc6 bxc6 9. O-O Be7 10. f3 Nc5 11. f4 Ne4 12. Nc3 Nxc3 13. bxc3 c5 14. Ne2 Bc6
15. f5 d4 16. c4 Qd7 17. Qd3 O-O-O 18. Rb1 Bb7 19. Bd2 Qc6 20. Qh3 Kb8 21. Nc1
Ka8 22. Nb3 Rb8 23. Na5 Qe4 24. Rb2 Ba6 25. Re1 Qxe1+ 26. Bxe1 Rxb2 27. f6 gxf6
28. Qd7 Bd8 29. Nc6 Rb8 30. Nxb8 Kxb8 31. Qxf7 fxe5 32. Bg3 Bg5 33. Bxe5 Be3+
34. Kf1 Rc8 35. g4 Kb7 36. Ke2 Kb6 37. Kd3 1-0

[Event "Reykjavik Open 2015"]
[Site "Reykjavik ISL"]
[Date "2015.03.17"]
[Round "9.25"]
[White "Karason, Askell O"]
[Black "Le Roux, Jean-Pierre"]
[Result "0-1"]
[BlackTitle "GM"]
[WhiteElo "2274"]
[BlackElo "2548"]
[WhiteFideId "2300567"]
[BlackFideId "609404"]
[EventDate "2015.03.10"]

1. Nf3 g6 2. c4 Bg7 3. Nc3 c5 4. g3 Nc6 5. Bg2 d6 6. d3 e6 7. Rb1 d5 8. cxd5
exd5 9. Bf4 Nf6 10. Qd2 O-O 11. O-O a6 12. Bg5 Be6 13. d4 cxd4 14. Nxd4 Nxd4 15.
Qxd4 h6 16. Bf4 Ng4 17. Qb4 d4 18. Rbd1 g5 19. Bc1 a5 20. Qxb7 Rb8 21. Qa7 Re8
22. b3 Ne5 23. Ba3 Qc8 24. Nd5 Qc2 25. Nc7 Qxa2 26. Nxe8 Rxe8 27. Qxa5 Qxe2 28.
Qb6 Qh5 29. Rxd4 Nf3+ 30. Bxf3 Qxf3 31. Qb5 Bxd4 32. Qxe8+ Kh7 0-1

[Event "Reykjavik Open 2015"]
[Site "Reykjavik ISL"]
[Date "2015.03.17"]
[Round "9.26"]
[White "Cummings, David H."]
[Black "Brunello, Sabino"]
[Result "0-1"]
[WhiteTitle "IM"]
[BlackTitle "GM"]
[WhiteElo "2345"]
[BlackElo "2540"]
[WhiteFideId "2603578"]
[BlackFideId "813613"]
[EventDate "2015.03.10"]

1. d4 Nf6 2. c4 e6 3. Nc3 Bb4 4. e3 O-O 5. Ne2 Re8 6. a3 Bf8 7. Ng3 d5 8. Bd3 c5
9. dxc5 dxc4 10. Bxc4 Qxd1+ 11. Kxd1 Bxc5 12. b4 Be7 13. Bb2 Nbd7 14. Ke2 Nb6
15. Bd3 Bd7 16. Rac1 Rec8 17. Nce4 Nxe4 18. Nxe4 a5 19. Bd4 Nd5 20. bxa5 Rxc1
21. Rxc1 Rxa5 22. Nc5 Bc6 23. a4 Bxc5 24. Rxc5 Rxa4 25. Kd2 f6 26. g3 Kf7 27.
Bb2 h6 28. h4 Ke7 29. e4 Nb4 30. Rc4 Nxd3 31. Rxa4 Nxb2 32. Rb4 Na4 33. e5 fxe5
34. Rg4 Kf7 35. Rc4 Nb6 36. Rc5 Nd5 37. Rc1 Nf6 38. Ke3 Ng4+ 39. Ke2 e4 40. Rc3
Kf6 41. Rc5 Bd5 42. Rc7 b5 0-1

[Event "Reykjavik Open 2015"]
[Site "Reykjavik ISL"]
[Date "2015.03.17"]
[Round "9.27"]
[White "Tari, Aryan"]
[Black "Nguyen, Thai Dai Van"]
[Result "1/2-1/2"]
[WhiteTitle "IM"]
[BlackTitle "FM"]
[WhiteElo "2509"]
[BlackElo "2338"]
[WhiteFideId "1510045"]
[BlackFideId "358878"]
[EventDate "2015.03.10"]

1. d4 Nf6 2. c4 g6 3. Nc3 d5 4. Nf3 Bg7 5. cxd5 Nxd5 6. Na4 O-O 7. e4 Nb6 8. Be3
Bg4 9. Nc5 Nc6 10. Nxb7 Qb8 11. Ba6 Nb4 12. Nc5 Bxf3 13. gxf3 Bxd4 14. Bxd4 Rd8
15. O-O Nxa6 16. Nxa6 Qc8 17. Nxc7 Qxc7 18. Bxb6 axb6 19. Qb3 Ra5 20. Qe3 Rh5
21. f4 Rh4 22. Rfd1 Rxd1+ 23. Rxd1 Rxf4 24. f3 Rf6 25. Kg2 Rc6 26. Rd2 h5 27. e5
e6 28. f4 Rc1 29. Re2 Qc6+ 30. Kh3 Rf1 31. Rf2 Rxf2 32. Qxf2 Qe4 33. Qg3 Qc2 34.
Qg5 Qxb2 35. Qd8+ Kh7 36. Qf8 Qxa2 37. Qxf7+ Kh6 38. Qf8+ Kh7 39. Qe7+ Kh6 40.
Qf8+ Kh7 41. Qf7+ Kh6 1/2-1/2

[Event "Reykjavik Open 2015"]
[Site "Reykjavik ISL"]
[Date "2015.03.17"]
[Round "9.28"]
[White "Rosner, Jonas"]
[Black "Kjartansson, Gudmundur"]
[Result "1-0"]
[WhiteTitle "FM"]
[BlackTitle "IM"]
[WhiteElo "2324"]
[BlackElo "2491"]
[WhiteFideId "24608513"]
[BlackFideId "2301318"]
[EventDate "2015.03.10"]

1. e4 d6 2. d4 Nf6 3. Nc3 g6 4. f4 Bg7 5. Nf3 O-O 6. e5 dxe5 7. fxe5 Nd5 8. Bc4
c6 9. O-O f5 10. Qe1 e6 11. Bg5 Qd7 12. Qh4 b6 13. Ne2 b5 14. Bxd5 cxd5 15. Nf4
a5 16. Bf6 Qe8 17. Be7 Ra7 18. Bxf8 Bxf8 19. g4 fxg4 20. Qxg4 Nc6 21. Nh5 Bg7
22. Nf6+ Bxf6 23. exf6 e5 24. Qh4 e4 25. Ng5 Bf5 26. c3 Nd8 27. Kh1 Ne6 28. Rxf5
gxf5 29. Nxe6 Qxe6 30. Qg3+ Kf8 31. Qb8+ 1-0

[Event "Reykjavik Open 2015"]
[Site "Reykjavik ISL"]
[Date "2015.03.17"]
[Round "9.29"]
[White "Rombaldoni, Axel"]
[Black "Gislason, Gudmundur"]
[Result "1-0"]
[WhiteTitle "GM"]
[BlackTitle "FM"]
[WhiteElo "2488"]
[BlackElo "2321"]
[WhiteFideId "815837"]
[BlackFideId "2300559"]
[EventDate "2015.03.10"]

1. e4 c5 2. Nf3 e6 3. d4 cxd4 4. Nxd4 a6 5. Bd3 d6 6. O-O Nd7 7. Re1 Ngf6 8. c4
Be7 9. b3 Qc7 10. Bb2 b6 11. Nc3 Ne5 12. Rc1 O-O 13. Bb1 Ng6 14. Nde2 Bb7 15.
Ng3 Rac8 16. Qd4 Qc5 17. Qd2 Ng4 18. Na4 Qg5 19. Qxg5 Bxg5 20. Nxb6 Bxc1 21.
Rxc1 Rc6 22. Na4 Nf4 23. Rd1 Rd8 24. h3 Nf6 25. e5 Ne8 26. c5 d5 27. b4 Rc7 28.
Nb6 d4 29. f3 d3 30. Kf2 a5 31. a3 axb4 32. axb4 Ba6 33. Ne4 Ra7 34. g3 Nd5 35.
Nxd5 Rxd5 36. Ke3 Nc7 37. Nd6 Bb5 38. Nxb5 Nxb5 39. Bxd3 Rd8 40. Bxh7+ Kxh7 41.
Rxd8 Ra4 42. Rb8 Rxb4 43. Bc1 Rb1 44. Kd3 1-0

[Event "Reykjavik Open 2015"]
[Site "Reykjavik ISL"]
[Date "2015.03.17"]
[Round "9.30"]
[White "Kristjansson, Stefan"]
[Black "Wahlbom, Magnus"]
[Result "1-0"]
[WhiteTitle "GM"]
[WhiteElo "2482"]
[BlackElo "2278"]
[WhiteFideId "2301172"]
[BlackFideId "1700685"]
[EventDate "2015.03.10"]

1. e4 c5 2. Nf3 d6 3. Bb5+ Bd7 4. Bxd7+ Nxd7 5. O-O Ngf6 6. Qe2 g6 7. c3 Bg7 8.
d4 cxd4 9. cxd4 e6 10. Nc3 O-O 11. Bf4 Nb6 12. a4 d5 13. e5 Ne8 14. a5 Nc8 15.
Bg5 Qd7 16. Na4 Nc7 17. Nc5 Qc6 18. Rfc1 b6 19. Nxe6 Qxe6 20. Rxc7 h6 21. Bd2
bxa5 22. Bxa5 Rb8 23. Bc3 Re8 24. h3 Re7 25. Rxe7 Qxe7 26. Qa6 Qd7 27. Ne1 Rb6
28. Qa4 Rb5 29. Nd3 Bf8 30. e6 fxe6 31. Ne5 Qe8 32. Nxg6 Bd6 33. Nh4 Qd7 34. Re1
Qc6 35. Qd1 1-0